000 01064nam a2200301 4500
003 OSt
005 20260601193851.0
008 260506b1997 sp a|||| |||| 00| 0 spa d
020 _a842533201X
020 _a9788425332012
040 _aICI
_bspa
_cICI
050 4 _aF2849.22G85
_bL6818
100 1 _aLoviny, Christophe,
240 1 _aChe. La photobiographie
_lEspañol
245 1 _aChe :
_buna vida en imágenes /
_cChristophe Loviny ; traducción castellana de María del Carmen Doñate
246 1 _aErnesto Che Guevara :
_buna vida en imágenes
264 _bGrijalbo,
_c1997
_aBarcelona :
300 _a125 páginas :
_bilustraciones
336 _atexto
_2rdacontent
337 _asin medio
_2rdamedia
338 _avolumen
_2rdacarrier
600 1 _aGuevara, Ernesto,
_d1928-1967
_vObras ilustradas
_932281
650 4 _aGuerrillas
_vBiografía
_zAmérica Latina
_932282
650 4 _aGuerrillas
_vObras ilustradas
_zAmerica Latina
_932283
700 1 _aLoviny, Christophe.
700 1 _aDoñate, María del Carmen,
_etraductor
_932284
942 _2lcc
_cB
999 _c21847
_d21847